000
00265nam a22001097a 4500
008
210707s2002 xx 000 0 und d
041
_a
eng
082
_a
052 SS
245
_a
Samaja Shodhana
260
_b
Mangalore Sociology Association
_c
2002
650
_a
Sociology
999
_c
179701
_d
179701